[Event "TCh-GEO Club 2014"]
[Site "Ureki GEO"]
[Date "2014.10.02"]
[Round "6.4"]
[White "Jobava, Baadur"]
[Black "Fier, Alexandr"]
[Result "1-0"]
[WhiteTitle "GM"]
[BlackTitle "GM"]
[WhiteElo "2708"]
[BlackElo "2579"]
[WhiteTeam "Chess Club Tbilisi"]
[BlackTeam "Chess Club Kakheti"]
[WhiteFideId "13601520"]
[BlackFideId "2107139"]
[EventDate "2014.09.27"]

1. e4 c6 2. d3 d5 3. Nd2 g6 4. Ngf3 Bg7 5. Be2 e5 6. O-O Ne7 7. a4 O-O 8. b4 d4
9. Nc4 b5 10. Na5 Nd7 11. c4 dxc3 12. Bg5 f6 13. Be3 Nb6 14. axb5 cxb5 15. d4
Bg4 16. d5 Bxf3 17. gxf3 Qd7 18. Qd3 g5 19. Qxb5 Qh3 20. Kh1 Ng6 21. Rg1 Nf4 22.
Rg3 Qh5 23. Bd1 f5 24. Nc6 Rae8 25. Rxa7 Nc8 26. Rxg7+ Kxg7 27. Nxe5 fxe4 28.
Bd4 Kg8 29. d6 Re6 30. Bb3 c2 31. Bxe6+ Nxe6 32. Qc4 c1=R+ 33. Qxc1 Nxd6 34. Qc6
Nxd4 35. Qxd6 Ne2 36. Qe6+ Kh8 37. Rh3 Nf4 38. Rxh5 1-0

[Event "TCh-GEO Club 2014"]
[Site "Ureki GEO"]
[Date "2014.10.02"]
[Round "6.4"]
[White "Gagunashvili, Merab"]
[Black "Mchedlishvili, Mikheil"]
[Result "1/2-1/2"]
[WhiteTitle "GM"]
[BlackTitle "GM"]
[WhiteElo "2573"]
[BlackElo "2603"]
[WhiteTeam "Chess Club Kakheti"]
[BlackTeam "Chess Club Tbilisi"]
[WhiteFideId "13601652"]
[BlackFideId "13600966"]
[EventDate "2014.09.27"]

1. d4 Nf6 2. c4 g6 3. g3 c6 4. Bg2 d5 5. cxd5 cxd5 6. Nf3 Bg7 7. O-O O-O 8. Nc3
Ne4 9. Ne5 Nxc3 10. bxc3 Nc6 11. Nxc6 bxc6 12. Ba3 Ba6 13. Qc2 Qc7 14. Rab1 Rfb8
15. Rfe1 e6 1/2-1/2

[Event "TCh-GEO Club 2014"]
[Site "Ureki GEO"]
[Date "2014.10.02"]
[Round "6.4"]
[White "Shanava, Konstantine"]
[Black "Khotenashvili, Bela"]
[Result "1-0"]
[WhiteTitle "GM"]
[BlackTitle "GM"]
[WhiteElo "2550"]
[BlackElo "2507"]
[WhiteTeam "Chess Club Tbilisi"]
[BlackTeam "Chess Club Kakheti"]
[WhiteFideId "13601784"]
[BlackFideId "13602640"]
[EventDate "2014.09.27"]

1. e4 e5 2. Nf3 Nc6 3. Bc4 Nf6 4. d3 Be7 5. O-O O-O 6. Bb3 d5 7. exd5 Nxd5 8. h3
a5 9. a3 a4 10. Ba2 Be6 11. Re1 Qd6 12. Nbd2 f6 13. Ne4 Qd7 14. d4 exd4 15. Nxd4
Bf7 16. Nb5 Rfd8 17. Bxd5 Bxd5 18. Nec3 Bc4 19. Bf4 Ra5 20. Bxc7 Qxd1 21. Raxd1
Rxd1 22. Rxd1 Rxb5 23. Nxb5 Bxb5 24. Bd6 Kf7 25. f3 Ne5 26. Bxe7 Kxe7 27. b3 Bc6
28. Kf2 h5 29. Rd4 b5 30. f4 Nd7 31. c4 bxc4 32. bxa4 c3 33. Rc4 Kd6 34. Rxc3
Nc5 35. Kg1 h4 36. a5 Bb5 37. Rc1 g5 38. fxg5 fxg5 39. Rb1 Bc6 40. Rb4 Kc7 41.
a6 Ne6 42. a7 Bb7 43. Rb5 Nd4 44. Rxg5 Kb6 45. Rh5 Kxa7 46. Rxh4 Nc2 47. Rg4 1-0

[Event "TCh-GEO Club 2014"]
[Site "Ureki GEO"]
[Date "2014.10.02"]
[Round "6.4"]
[White "Javakhishvili, Lela"]
[Black "Gvetadze, Sofio"]
[Result "1-0"]
[WhiteTitle "IM"]
[BlackTitle "IM"]
[WhiteElo "2476"]
[BlackElo "2361"]
[WhiteTeam "Chess Club Kakheti"]
[BlackTeam "Chess Club Tbilisi"]
[WhiteFideId "13601458"]
[BlackFideId "13601440"]
[EventDate "2014.09.27"]

1. d4 d5 2. c4 c6 3. cxd5 cxd5 4. Bf4 Nc6 5. e3 Nf6 6. Nc3 a6 7. Bd3 e6 8. Rc1
Bd6 9. Bxd6 Qxd6 10. f4 b5 11. Nf3 Bb7 12. O-O Rc8 13. Ne5 O-O 14. Bb1 Ne7 15.
Nd3 Nd7 16. g4 f5 17. g5 Nc6 18. Qd2 Qe7 19. Ne2 Rc7 20. Rc2 Rfc8 21. Nec1 Nd8
22. Nb3 Rxc2 23. Bxc2 Nf7 24. Nbc5 Nxc5 25. Nxc5 Nd6 26. b3 Qe8 27. Bd3 h6 28.
Qg2 Rc7 29. h3 Bc8 30. gxh6 Qh5 31. Qg5 Qxh3 32. Kf2 Kh7 33. Qd8 Rxc5 34. Rg1
Qxh6 35. dxc5 Nf7 36. Qe7 Qh5 37. Be2 Qh2+ 38. Rg2 Qh1 39. Bf3 Qc1 40. Qxf7 Qd2+
41. Be2 1-0

[Event "TCh-GEO Club 2014"]
[Site "Ureki GEO"]
[Date "2014.10.02"]
[Round "6.4"]
[White "Khomeriki, Nino"]
[Black "Keleptrishvili, Irakli"]
[Result "0-1"]
[WhiteTitle "WFM"]
[WhiteElo "2158"]
[BlackElo "2168"]
[WhiteTeam "Chess Club Tbilisi"]
[BlackTeam "Chess Club Kakheti"]
[WhiteFideId "13603191"]
[BlackFideId "13605801"]
[EventDate "2014.09.27"]

1. Nf3 Nf6 2. g3 b5 3. Bg2 Bb7 4. O-O e6 5. b3 Bxf3 6. exf3 d5 7. f4 Be7 8. Bb2
O-O 9. Re1 c6 10. d3 Nfd7 11. Nd2 Bf6 12. Qc1 Bxb2 13. Qxb2 a5 14. c4 g6 15.
Rac1 Na6 16. cxd5 cxd5 17. Qd4 Qf6 18. Qxf6 Nxf6 19. Bf1 Rac8 20. d4 Nb4 21. Rc5
Rxc5 22. dxc5 Rc8 23. a3 Nc2 24. Rc1 Nxa3 25. c6 Ne8 26. Nf3 Nd6 27. Nd4 Rc7 28.
f3 Nf5 29. Nxf5 gxf5 30. Kf2 Kf8 31. g4 fxg4 32. fxg4 a4 33. bxa4 bxa4 34. Rc5
h6 35. h4 Nb1 36. Ra5 a3 37. Bd3 Nc3 38. Rxa3 Rxc6 39. Ke3 Nd1+ 40. Kd4 Nf2 41.
Be2 Ne4 42. f5 Kg7 43. fxe6 Rxe6 44. Bf3 Nf6 45. Ra7 Nxg4 46. Bxd5 Rf6 47. Re7
h5 48. Ke4 Rf1 49. Kd4 Nh6 50. Re5 Rf4+ 51. Re4 Nf5+ 52. Ke5 Rxe4+ 53. Bxe4 Nxh4
54. Bb7 Kg6 55. Kf4 Kf6 56. Bd5 Ng6+ 57. Kg3 Kg7 58. Kf3 f5 59. Kg3 Kf6 60. Bf3
Kg5 61. Kh3 h4 62. Bd1 Nf4+ 63. Kh2 Kf6 64. Bc2 Kg5 65. Bd1 Nd5 66. Kh3 Ne3 67.
Be2 Nc2 68. Bd3 Nd4 69. Bc4 f4 70. Bd3 f3 71. Ba6 Ne2 72. Bb7 Nf4+ 73. Kh2 f2
74. Bg2 Kf6 75. Bf1 Ke5 76. Kh1 Kd4 77. Bb5 Ke3 78. Bc4 Kd2 79. Bf1 Ke1 0-1

[Event "TCh-GEO Club 2014"]
[Site "Ureki GEO"]
[Date "2014.10.03"]
[Round "7.1"]
[White "Fier, Alexandr"]
[Black "Gelashvili, Tamaz"]
[Result "1/2-1/2"]
[WhiteTitle "GM"]
[BlackTitle "GM"]
[WhiteElo "2579"]
[BlackElo "2565"]
[WhiteTeam "Chess Club Kakheti"]
[BlackTeam "Chess Club Rustavi"]
[WhiteFideId "2107139"]
[BlackFideId "13600702"]
[EventDate "2014.09.27"]

1. e4 c5 2. Nf3 d6 3. d4 cxd4 4. Nxd4 Nf6 5. Nc3 g6 6. Be2 Bg7 7. O-O O-O 8. Re1
Nc6 9. Nb3 a5 10. a4 Be6 11. Bf1 Nb4 12. Nd4 1/2-1/2

[Event "TCh-GEO Club 2014"]
[Site "Ureki GEO"]
[Date "2014.10.03"]
[Round "7.1"]
[White "Khotenashvili, Bela"]
[Black "Paichadze, Luka"]
[Result "1/2-1/2"]
[WhiteTitle "GM"]
[BlackTitle "GM"]
[WhiteElo "2507"]
[BlackElo "2543"]
[WhiteTeam "Chess Club Kakheti"]
[BlackTeam "Chess Club Rustavi"]
[WhiteFideId "13602640"]
[BlackFideId "13602934"]
[EventDate "2014.09.27"]

1. Nf3 d5 2. g3 c6 3. Bg2 Nf6 4. O-O Bg4 5. Ne5 Bh5 6. c4 Nbd7 7. d4 e6 8. cxd5
exd5 9. Nc3 Bd6 10. Nd3 O-O 11. Bf4 1/2-1/2

[Event "TCh-GEO Club 2014"]
[Site "Ureki GEO"]
[Date "2014.10.03"]
[Round "7.3"]
[White "Managadze, Nikoloz"]
[Black "Chkhaidze, Nikoloz"]
[Result "1-0"]
[WhiteTitle "IM"]
[WhiteElo "2458"]
[BlackElo "2227"]
[WhiteTeam "Chess Club Kutaisi"]
[BlackTeam "Chess Club Guria"]
[WhiteFideId "13600575"]
[BlackFideId "13601750"]
[EventDate "2014.09.27"]

1. Nf3 Nc6 2. c4 e5 3. Nc3 Nf6 4. e4 Bc5 5. Be2 d6 6. h3 O-O 7. d3 h6 8. Be3
Bxe3 9. fxe3 Nh5 10. g4 Ng3 11. Rg1 Nxe2 12. Qxe2 g6 13. O-O-O a6 14. d4 exd4
15. exd4 b5 16. g5 h5 17. Nd5 Kg7 18. Nf6 Ne7 19. Ne5 Rh8 20. Qh2 Ng8 21. Nc6
Qf8 22. e5 Nxf6 23. gxf6+ Kh7 24. Rg5 Qh6 25. h4 Bg4 26. Rd2 Rhe8 27. Ne7 Rad8
28. c5 dxc5 29. d5 Rd7 30. Qf2 c4 31. e6 Rdxe7 32. fxe7 Rxe7 33. Qf6 Qf8 34.
Rxg6 Bxe6 35. Re2 Re8 36. Rg5 1-0

[Event "TCh-GEO Club 2014"]
[Site "Ureki GEO"]
[Date "2014.10.03"]
[Round "7.3"]
[White "Chkhikvishvili, Mindia"]
[Black "Javakhadze, Zurab"]
[Result "0-1"]
[BlackTitle "IM"]
[WhiteElo "2050"]
[BlackElo "2423"]
[WhiteTeam "Chess Club Guria"]
[BlackTeam "Chess Club Kutaisi"]
[WhiteFideId "13603736"]
[BlackFideId "13603647"]
[EventDate "2014.09.27"]

1. e4 c5 2. d4 cxd4 3. c3 dxc3 4. Nxc3 Nc6 5. Nf3 e6 6. Bc4 Qc7 7. O-O Nf6 8.
Qe2 Ng4 9. h3 Nd4 10. hxg4 Nxe2+ 11. Bxe2 a6 12. a4 b6 13. Bg5 f6 14. Bh4 Bd6
15. Rac1 Qb8 16. Rfd1 Bf4 17. Rc2 g5 18. g3 Bc7 19. Bxg5 fxg5 20. Nxg5 Bxg3 21.
fxg3 Qxg3+ 22. Kf1 Rf8+ 23. Nf3 Rxf3+ 24. Bxf3 Qxf3+ 25. Rf2 Qxg4 26. Rdd2 Bb7
27. Rg2 Qh3 28. Kg1 O-O-O 29. Rdf2 d5 30. Rf7 dxe4 31. Rgg7 Qe3+ 32. Kh1 Qc1+ 0-1

[Event "TCh-GEO Club 2014"]
[Site "Ureki GEO"]
[Date "2014.10.03"]
[Round "7.3"]
[White "Arabidze, Meri"]
[Black "Imnadze, Nato"]
[Result "0-1"]
[WhiteTitle "IM"]
[BlackTitle "WFM"]
[WhiteElo "2411"]
[BlackElo "2082"]
[WhiteTeam "Chess Club Kutaisi"]
[BlackTeam "Chess Club Guria"]
[WhiteFideId "13604040"]
[BlackFideId "13600974"]
[EventDate "2014.09.27"]

1. c4 Nf6 2. Nf3 c6 3. g3 d5 4. Bg2 Bg4 5. O-O Nbd7 6. Qc2 e6 7. b3 Bd6 8. Bb2
O-O 9. d3 Qe7 10. Nbd2 h6 11. e4 dxe4 12. dxe4 e5 13. Nh4 Ba3 14. Bxa3 Qxa3 15.
h3 Be6 16. Nf5 Bxf5 17. exf5 Rfe8 18. Rfe1 a5 19. Rab1 Qb4 20. Qb2 Nc5 21. a3
Qb6 22. Re3 Rad8 23. Qc2 Rd7 24. b4 axb4 25. axb4 Qd8 26. Re2 Nd3 27. c5 Rd4 28.
Nc4 Nd5 29. Bxd5 Qxd5 30. Nd6 Ra8 31. f6 g6 32. Qc3 Ra2 33. Rxa2 Qxa2 34. Rf1 b5
35. Qa1 Nxb4 36. Qc1 0-1

[Event "TCh-GEO Club 2014"]
[Site "Ureki GEO"]
[Date "2014.10.03"]
[Round "7.3"]
[White "Kuridze, Mishiko"]
[Black "Tutisani, Noe"]
[Result "0-1"]
[WhiteElo "1647"]
[BlackElo "2259"]
[WhiteTeam "Chess Club Guria"]
[BlackTeam "Chess Club Kutaisi"]
[WhiteFideId "13608100"]
[BlackFideId "13602853"]
[EventDate "2014.09.27"]

1. e4 c5 2. Nf3 e6 3. b3 Nc6 4. Bb5 Qb6 5. Bxc6 Qxc6 6. Qe2 d6 7. Bb2 e5 8. d3
Nf6 9. c4 Be7 10. Nc3 a6 11. Nd5 Bd8 12. O-O O-O 13. h3 Nxd5 14. cxd5 Qe8 15.
Bc1 h6 16. Nh2 f5 17. f4 Bf6 18. Bb2 exf4 19. Bxf6 Rxf6 20. Rxf4 Qe5 21. Raf1
Bd7 22. Qe3 Re8 23. Nf3 Qxd5 24. Qd2 Qf7 25. exf5 Rxf5 26. Nh4 Rxf4 27. Qxf4
Qxf4 28. Rxf4 g5 29. Rf6 gxh4 30. Rxd6 Be6 31. d4 cxd4 32. Rxd4 Kh7 33. Rxh4 Bd5 0-1

[Event "TCh-GEO Club 2014"]
[Site "Ureki GEO"]
[Date "2014.10.03"]
[Round "7.4"]
[White "Khakhutashvili, Alexandre"]
[Black "Gamzardia, Giorgi"]
[Result "0-1"]
[BlackTitle "FM"]
[WhiteElo "1809"]
[BlackElo "2104"]
[WhiteTeam "Chess Club Gori"]
[BlackTeam "Chess Club Samegrelo"]
[WhiteFideId "13605313"]
[BlackFideId "13603388"]
[EventDate "2014.09.27"]

1. e4 g6 2. d4 Bg7 3. Nc3 d6 4. f4 Nf6 5. Nf3 O-O 6. Bd3 Na6 7. O-O c5 8. d5 Nc7
9. Bc4 b5 10. Nxb5 Nxb5 11. Bxb5 Nxe4 12. Qe2 Nf6 13. c4 Rb8 14. h3 e6 15. dxe6
Bxe6 16. Ng5 Bf5 17. Be3 h6 18. Nf3 Ne4 19. Kh2 a6 20. Bxa6 Rxb2 21. Qe1 Nc3 22.
a4 Re2 23. Qc1 Qa8 24. Bb5 Nxb5 0-1

[Event "TCh-GEO Club 2014"]
[Site "Ureki GEO"]
[Date "2014.10.03"]
[Round "7.4"]
[White "Patsia, Zviad"]
[Black "Dotiashvili, Vasil"]
[Result "1-0"]
[WhiteElo "2119"]
[BlackElo "1800"]
[WhiteTeam "Chess Club Samegrelo"]
[BlackTeam "Chess Club Gori"]
[WhiteFideId "13603485"]
[BlackFideId "13606085"]
[EventDate "2014.09.27"]

1. g4 d5 2. Bg2 c6 3. h3 e5 4. Nf3 e4 5. Nd4 c5 6. Nb3 Nc6 7. d3 exd3 8. cxd3
Nf6 9. Bg5 Be7 10. Nc3 Be6 11. O-O h5 12. e4 d4 13. Bxf6 gxf6 14. Nd5 hxg4 15.
hxg4 Ne5 16. f4 Nxg4 17. f5 Bxd5 18. Qxg4 Bxb3 19. Qg7 Kd7 20. axb3 Qc7 21. e5
Rag8 22. Qxf7 Qxe5 23. Qe6+ Qxe6 24. fxe6+ Kxe6 25. Rfe1+ Kd6 26. Rxa7 Rg7 27.
Rxb7 Rhg8 28. Re2 f5 29. b4 cxb4 30. Rxb4 Rg4 31. Rb6+ Kc7 32. Rb7+ Kd6 33.
Rbxe7 Rxg2+ 34. Rxg2 Rxg2+ 35. Kxg2 Kxe7 36. Kf3 Ke6 37. Kf4 Kf6 38. b4 Ke6 39.
b5 Kd6 40. Kxf5 Kc5 41. Ke5 Kxb5 42. Kxd4 Kc6 43. Ke5 Kd7 44. Kd5 Kc7 45. Ke4 1-0

[Event "TCh-GEO Club 2014"]
[Site "Ureki GEO"]
[Date "2014.10.03"]
[Round "7.4"]
[White "Kasoshvili, Tsiala"]
[Black "Bokuchava, Madona"]
[Result "1-0"]
[WhiteTitle "WIM"]
[BlackTitle "WFM"]
[WhiteElo "2161"]
[BlackElo "2003"]
[WhiteTeam "Chess Club Gori"]
[BlackTeam "Chess Club Samegrelo"]
[WhiteFideId "13600354"]
[BlackFideId "13603663"]
[EventDate "2014.09.27"]

1. d4 f5 2. c4 Nf6 3. g3 e6 4. Bg2 c6 5. Nh3 d5 6. Qc2 Be7 7. O-O O-O 8. Nd2 Qe8
9. Nf3 h6 10. Nf4 g5 11. Nd3 b6 12. b3 Nfd7 13. Bb2 Bb7 14. b4 Nf6 15. Nfe5 Nbd7
16. Rac1 Nxe5 17. dxe5 Nd7 18. Qb3 Qd8 19. b5 Nc5 20. Nxc5 Bxc5 21. bxc6 Bxc6
22. Rfd1 Qe8 23. Rd2 dxc4 24. Qxc4 Rc8 25. Bxc6 Qxc6 26. Qa6 Rfd8 27. Rxd8+ Rxd8
28. Ba3 Qd5 29. Bxc5 bxc5 30. Qxa7 Qxe5 31. Qe7 Rd2 32. Rb1 Rb2 33. Rxb2 Qxb2
34. Qxe6+ Kg7 35. Qe7+ Kg6 36. Qe8+ Kg7 37. Qe7+ Kg6 38. Qe6+ Kg7 39. Qc4 Qb1+
40. Kg2 Qb7+ 41. f3 Qb2 42. Kf2 Qb6 43. Ke3 Kf6 44. h4 Qc7 45. Kf2 f4 46. hxg5+
hxg5 47. g4 Qa7 48. Ke1 Qa3 49. Kd1 Qb2 50. Qb3 Qd4+ 51. Kc2 Qf2 52. Qc4 Ke5 53.
Qe4+ Kd6 54. a4 Qe1 55. Qd3+ Kc6 56. Qb5+ Kd6 57. a5 c4 58. Qxc4 Qxa5 59. Kd3
Qa3+ 60. Ke4 Qa5 61. Qd4+ Ke6 62. Kd3 Qa3+ 63. Kd2 Qa5+ 64. Qc3 Qa2+ 65. Qc2
Qa5+ 66. Kd3 Qd5+ 67. Kc3 Qa5+ 68. Kb2 Qe5+ 69. Kb1 Qb8+ 70. Kc1 Qb5 71. Qg6+
Ke7 72. Qe4+ Kf6 73. Qd4+ Ke6 74. Qd3 Qa5 75. Kb2 Qe5+ 76. Ka3 Qa5+ 77. Kb3 Qb6+
78. Kc2 Qa5 79. Qc4+ Ke7 80. Kd3 Kd6 81. Qd4+ Ke6 82. Qc3 Qd5+ 83. Kc2 Qa2+ 84.
Qb2 Qc4+ 85. Kd2 Qd5+ 86. Kc2 Qc4+ 87. Kb1 Qc5 88. Qb3+ Ke7 89. Ka2 Kf6 90. Kb2
Qd6 91. Qc3+ Kf7 92. Qc4+ Kf6 93. Kc2 Qb6 94. Qc3+ Kg6 95. Qd3+ Kh6 96. Qd5 Qa6
97. Qe5 Qb6 98. Kc3 Qa6 99. Kd4 Qb6+ 100. Kd5 Qb5+ 101. Kd6 Qb4+ 102. Ke6 Qb6+
103. Kf7 Qb7+ 104. Qe7 Qb3+ 105. Qe6+ Qxe6+ 106. Kxe6 Kg6 107. Ke5 Kg7 108. Kf5
Kh6 109. Kf6 1-0

[Event "TCh-GEO Club 2014"]
[Site "Ureki GEO"]
[Date "2014.10.03"]
[Round "7.4"]
[White "Ghvamberia, Nika"]
[Black "Licheli, Luka"]
[Result "1/2-1/2"]
[WhiteElo "2105"]
[BlackElo "1925"]
[WhiteTeam "Chess Club Samegrelo"]
[BlackTeam "Chess Club Gori"]
[WhiteFideId "13602128"]
[BlackFideId "13602500"]
[EventDate "2014.09.27"]

1. Nf3 Nf6 2. g3 b6 3. Bg2 Bb7 4. O-O g6 5. c4 c5 6. Nc3 Bg7 7. d4 Ne4 8. Nxe4
Bxe4 9. Be3 O-O 10. Qd2 d6 11. Rfd1 Nc6 12. d5 Bxf3 13. Bxf3 Ne5 14. Rac1 Nxf3+
15. exf3 Qd7 16. Re1 e5 17. dxe6 fxe6 18. Rcd1 Rad8 19. Bg5 Bf6 20. Bh6 Rf7 21.
Kg2 Bd4 22. Qe2 e5 23. b3 Qf5 24. h4 Re8 25. Qe4 Qxe4 26. Rxe4 Rf5 27. Rd2 Rb8
28. f4 b5 29. fxe5 dxe5 30. cxb5 Rxb5 31. f4 exf4 32. Bxf4 Rb7 33. Rde2 Kg7 34.
Re8 Rff7 35. R2e6 Rf6 36. Kf3 Rxe6 37. Rxe6 Kf7 38. Re4 Re7 39. g4 h5 40. gxh5
gxh5 41. Rxe7+ Kxe7 42. Bg3 Ke6 43. Ke4 a6 44. Be1 Bf6 45. Bf2 Bd8 46. a3 Bf6
47. a4 Bd8 48. Be1 Be7 49. Bf2 Bd8 50. Bxc5 Bxh4 51. b4 Be1 1/2-1/2